000 00592nam a22002177a 4500
003 UA-OsUOA
001 92903
007 ta
008 20130102b un ||||| |||| 00| 0 ukr d
090 _a821.161.1
942 _cBK
040 _aUA-OsUOA
_brus
_cUA-OsUOA
_dUA-OsUOA
245 _aАкварели одного лета
_bповести, рассказы
300 _a445 с.
955 _a3
041 _arus
080 _a821.161.1
260 _aМ.
_bМол. гвардия
_c1990
650 7 _a82 Література. Літературознавство
_2UDC
999 _c379490
_d379490